Probabilistic reliability : an engineering approach /
Guardado en:
| Autor Principal: | |
|---|---|
| Formato: | Libro |
| Idioma: | English |
| Publicado: |
New York :
McGraw-Hill,
c1968.
|
| Series: | McGraw-Hill electrical and electronic engineering series
Brooklyn Polytechnic Institute series. |
| Materias: | |
| Etiquetas: |
Agregar Etiqueta
Sin Etiquetas, Sea el primero en etiquetar este registro!
|
| LEADER | 00960nam a22002655a 4500 | ||
|---|---|---|---|
| 001 | EIQ.libpla001207 | ||
| 008 | 700901s1968####nyua#####b####001#0#eng#d | ||
| 005 | 20060822181747.0 | ||
| 245 | 1 | 0 | |a Probabilistic reliability : |b an engineering approach / |c [by] Martin L. Shooman. |
| 260 | |a New York : |b McGraw-Hill, |c c1968. | ||
| 300 | |a xix, 524 p. : |b il. ; |c 23 cm. | ||
| 490 | 0 | |a McGraw-Hill electrical and electronic engineering series | |
| 490 | 0 | |a Brooklyn Polytechnic Institute series. | |
| 504 | |a Bibliografía: p. 509-516. | ||
| 500 | |a Incluye índice. | ||
| 020 | |a 0070570159 | ||
| 100 | 1 | |a Shooman, Martin L. | |
| 082 | 0 | 0 | |a 620 |
| 650 | 4 | |a Confiabilidad (Ingeniería) |x Análisis. | |
| 650 | 4 | |a Ingeniería electrónica |x Probabilidades. | |
| 650 | 4 | |a Reliability (Engineering) |x Analysis. | |
| 650 | 4 | |a Electronic engineering |x Probabilities. | |
| 010 | |a 68013099 | ||
| 040 | |a DLC |c DLC |d AR-BbSID | ||
| 859 | |a AR-BbSID |b BIB. PLAPIQUI |h 621.381 |i Sh 77 |p 791 | ||
